Giáo trình tin học Kt

Wedi'i Gadw mewn:
Manylion Llyfryddiaeth
Prif Awdur: Đặng Minh Ất
Fformat: Llyfr
Iaith:Vietnamese
Cyhoeddwyd: Giáo dục 1997
Tagiau: Ychwanegu Tag
Dim Tagiau, Byddwch y cyntaf i dagio'r cofnod hwn!
Thư viện lưu trữ: Mạng thư viện Đại học Đà Nẵng
LEADER 00618nam a2200277 4500
001 000026620
003 686
005 20150325120000.0
008 150325s vm 000 vie
020 |c 0,0000 
040 |a NOTTS 
100 |a Đặng Minh Ất 
245 |a Giáo trình tin học Kt 
260 |b Giáo dục  |c 1997 
300 |a 308tr. ; 
OWN |a LTT 
999 |a From the UDN01 
TYP |a Monograph 
TYP |a Printed language 
980 |a Mạng thư viện Đại học Đà Nẵng